[Event "NM for klubblag 2017"]
[Site "Scandic Kristiansund"]
[Date "2017.10.20"]
[Round "1"]
[White "Malmedal, Preben"]
[Black "Haugsdal, Arn-Tore"]
[Result "0-1"]
[WhiteElo "1250"]
[BlackElo "1924"]
[PlyCount "36"]
[EventDate "2017.??.??"]

1. d4 Nf6 2. c4 c5 3. Nf3 cxd4 4. Nxd4 e5 5. Nf3 e4 6. Nd4 Bc5 7. e3 Nc6 8.
Nxc6 bxc6 9. Be2 h5 10. Nc3 h4 11. h3 Rh6 12. Qc2 Qe7 13. Bd2 Rg6 14. Rg1 Rb8
15. Nxe4 Nxe4 16. Bd3 f5 17. f3 Nxd2 18. Qxd2 Bb4
0-1

[Event "NM for klubblag 2017"]
[Site "Scandic Kristiansund"]
[Date "2017.10.20"]
[Round "1"]
[White "Nilsen, Roy Andre"]
[Black "Haugsvær, Lisbeth"]
[Result "0-1"]
[WhiteElo "712"]
[BlackElo "1485"]
[PlyCount "48"]
[EventDate "2017.??.??"]

1. h3 d5 2. d4 e6 3. Nf3 c5 4. c3 Nc6 5. e3 Nf6 6. Bb5 Bd7 7. e4 Nxe4 8. O-O
cxd4 9. cxd4 Be7 10. Qe2 O-O 11. g3 Qb6 12. a4 a6 13. Bxc6 bxc6 14. Be3 c5 15.
dxc5 Bxc5 16. Bxc5 Qxc5 17. Nbd2 Nxg3 18. Qe5 Nxf1 19. Kxf1 Bxa4 20. Rxa4 Qb5+
21. Rc4 dxc4 22. Qxb5 axb5 23. Nd4 Rfd8 24. N4f3 Ra2
0-1

[Event "NM for klubblag 2017"]
[Site "Scandic Kristiansund"]
[Date "2017.10.20"]
[Round "1"]
[White "Tylden, Magnus"]
[Black "Storeide, Erling"]
[Result "0-1"]
[WhiteElo "524"]
[BlackElo "1635"]
[PlyCount "46"]
[EventDate "2017.??.??"]

1. e4 e5 2. Bc4 Nf6 3. Nf3 d6 4. Ng5 d5 5. exd5 Nxd5 6. Bxd5 Qxd5 7. Nc3 Qxg2
8. Ke2 Bg4+ 9. Ke3 Bxd1 10. Rxd1 Qxg5+ 11. Kd3 Nc6 12. Nd5 O-O-O 13. c4 Nb4+
14. Kc3 Nxd5+ 15. cxd5 Rxd5 16. d3 Qg4 17. Rd2 Bb4+ 18. Kb3 Bxd2 19. Bxd2 Rxd3+
20. Kc2 Qe2 21. Kb1 Rxd2 22. a3 Rxb2+ 23. Kc1 Qc2#
0-1

[Event "NM for klubblag 2017"]
[Site "Scandic Kristiansund"]
[Date "2017.10.20"]
[Round "1"]
[White "Unneland, Mathias"]
[Black "Thingstad, Even"]
[Result "0-1"]
[WhiteElo "1736"]
[BlackElo "2160"]
[Annotator "05benbjo"]
[PlyCount "110"]
[EventDate "2017.??.??"]

1. e4 c6 2. d4 d5 3. Nc3 dxe4 4. Nxe4 Bf5 5. Ng3 Bg6 6. Nf3 Nd7 7. h4 h6 8. h5
Bh7 9. Bd3 Bxd3 10. Qxd3 e6 11. Be3 Qa5+ 12. Bd2 Bb4 13. c3 Be7 14. c4 Qc7 15.
O-O Ngf6 16. Rae1 O-O 17. Nf5 Bd6 18. Nxh6+ gxh6 19. Bxh6 Rfe8 20. Ng5 Nf8 21.
Qf3 Bf4 22. g4 Bxg5 23. Bxg5 N6h7 24. Bf4 Qe7 25. Kh2 f6 26. d5 cxd5 27. cxd5
Qf7 28. d6 e5 29. Bh6 Ne6 30. Rg1 Nhg5 31. Qd3 Qh7 32. Qxh7+ Kxh7 33. Bxg5 Nxg5
34. Re3 Rad8 35. Rc1 Ne6 36. g5 Rxd6 37. gxf6 Rd7 38. Rxe5 Rf7 39. Rce1 Rxf6
40. f4 Rh6 41. Rd1 Rg8 42. Rd7+ Rg7 43. Red5 Kg8 44. a4 Rxh5+ 45. Rxh5 Rxd7 46.
Kg3 Rd3+ 47. Kg4 Rd4 48. Rb5 Rxf4+ 49. Kh5 Kf7 50. Rb3 Kf6 51. Rh3 Rxa4 52.
Rf3+ Rf4 53. Rh3 Ng7+ 54. Kh6 Nf5+ 55. Kh5 a5
0-1

[Event "NM for klubblag 2017"]
[Site "Scandic Kristiansund"]
[Date "2017.10.20"]
[Round "1"]
[White "Tofte, Sondre Waage"]
[Black "Hausken, Andreas Skrede"]
[Result "1-0"]
[WhiteElo "2132"]
[BlackElo "1351"]
[Annotator "05benbjo"]
[PlyCount "93"]
[EventDate "2017.??.??"]

1. e4 e5 2. Nf3 Nf6 3. Nxe5 d6 4. Nf3 Nxe4 5. Nc3 Nxc3 6. dxc3 Be7 7. Be3 Be6
8. Nd4 Bd7 9. Qf3 Qc8 10. Bd3 Nc6 11. Nf5 Bf6 12. Qe4+ Be6 13. g4 d5 14. Qa4
Qd7 15. O-O-O g6 16. Nh6 a6 17. f4 Bxg4 18. Nxg4 Qxg4 19. Rhe1 O-O 20. Qb3 Qd7
21. Be2 Rfe8 22. Bf3 Na5 23. Qxd5 Qxd5 24. Bxd5 c6 25. Bf3 Nc4 26. Bd4 Bxd4 27.
cxd4 Nb6 28. Re5 Rxe5 29. fxe5 Rd8 30. b3 Nd5 31. c4 Ne3 32. Re1 Nf5 33. d5
cxd5 34. cxd5 Ne7 35. d6 Nc6 36. Kb2 Re8 37. Bxc6 bxc6 38. Kc3 Kf8 39. Kd4 Rb8
40. Kc5 Ke8 41. Kxc6 Rc8+ 42. Kb7 Rc2 43. a4 Rxh2 44. Rc1 Rd2 45. b4 Rd5 46.
Kc7 h5 47. b5
1-0

[Event "NM for klubblag 2017"]
[Site "Scandic Kristiansund"]
[Date "2017.10.20"]
[Round "1"]
[White "Unneland, Niklas"]
[Black "Berg-Jensen, Joachim"]
[Result "0-1"]
[WhiteElo "1084"]
[BlackElo "2064"]
[Annotator "05benbjo"]
[PlyCount "34"]
[EventDate "2017.??.??"]

1. d4 d5 2. c4 e6 3. e3 c6 4. Nc3 f5 5. Nf3 Nf6 6. b3 Bb4 7. Bd2 O-O 8. Be2 Bd6
9. O-O Ne4 10. Qc2 Nd7 11. Rfd1 g5 12. h3 g4 13. Nh2 Nxf2 14. Kxf2 Bxh2 15. g3
Qc7 16. hxg4 Qxg3+ 17. Kf1 Qg1#
0-1

[Event "NM for klubblag 2017"]
[Site "Scandic Kristiansund"]
[Date "2017.10.20"]
[Round "1"]
[White "Laverton, Christian"]
[Black "Hausken, Aleksander Skrede"]
[Result "1-0"]
[WhiteElo "2064"]
[BlackElo "646"]
[Annotator "05benbjo"]
[PlyCount "61"]
[EventDate "2017.??.??"]

1. d4 d5 2. c4 Nf6 3. cxd5 Nxd5 4. e4 Nf6 5. Nc3 e6 6. Nf3 Be7 7. Be2 O-O 8.
O-O Nbd7 9. Be3 Re8 10. Qb3 b6 11. Bb5 Bb7 12. e5 Nd5 13. Nxd5 Bxd5 14. Qa4 c6
15. Bxc6 Bxc6 16. Qxc6 Rc8 17. Qa4 a5 18. Nd2 f6 19. Qb3 Nf8 20. exf6 Bxf6 21.
Ne4 Bxd4 22. Rad1 Qc7 23. Rxd4 Kh8 24. Nd6 e5 25. Nxe8 Rxe8 26. Rd5 Ng6 27.
Qxb6 Qxb6 28. Bxb6 a4 29. Rfd1 h6 30. Rd8 Rxd8 31. Rxd8+
1-0

[Event "NM for klubblag 2017"]
[Site "Scandic Kristiansund"]
[Date "2017.10.20"]
[Round "1"]
[White "Kårtvedt, Kåre"]
[Black "Kosberg, Ivar"]
[Result "0-1"]
[WhiteElo "750"]
[BlackElo "1505"]
[PlyCount "102"]
[EventDate "2017.??.??"]

1. e4 d6 2. d4 Nf6 3. Nd2 e5 4. Ngf3 Bg4 5. c3 Nbd7 6. g3 Be7 7. Bg2 c6 8. O-O
Qc7 9. Qb3 O-O 10. Re1 b5 11. a4 a6 12. axb5 axb5 13. Rxa8 Rxa8 14. c4 Rb8 15.
cxb5 Rxb5 16. Qc4 exd4 17. Qxd4 c5 18. Qc4 Rb4 19. Qc3 Ne8 20. e5 d5 21. Qa3
Qb8 22. e6 Bxe6 23. h4 h6 24. Nf1 Bd6 25. Ne3 Nef6 26. Nh2 d4 27. Nef1 Nb6 28.
f4 Bd5 29. Bxd5 Nbxd5 30. Qf3 Rb3 31. f5 Rxf3 32. Nxf3 Ng4 33. Re4 Ngf6 34. Re1
Bxg3 35. Nxg3 Qxg3+ 36. Kf1 Qh3+ 37. Ke2 Qxf5 38. Bd2 Nf4+ 39. Bxf4 Qxf4 40.
Ra1 Qe4+ 41. Kf2 Qc2+ 42. Kg3 Qxb2 43. Ra8+ Kh7 44. Ne5 Qc3+ 45. Kf2 Qe3+ 46.
Kg2 Qe4+ 47. Kh3 Qxa8 48. Nxf7 Qf3+ 49. Kh2 Ng4+ 50. Kg1 Qf2+ 51. Kh1 Qh2#
0-1

[Event "NM for klubblag 2017"]
[Site "Scandic Kristiansund"]
[Date "2017.10.20"]
[Round "1"]
[White "David, Edwin"]
[Black "Standal, Egil Arne"]
[Result "1-0"]
[WhiteElo "2148"]
[BlackElo "1609"]
[Annotator "05benbjo"]
[PlyCount "37"]
[EventDate "2017.??.??"]

1. e4 c6 2. d4 d5 3. f3 g6 4. Nc3 Bg7 5. Be3 Be6 6. Nge2 dxe4 7. fxe4 Bc4 8.
Qd2 Qa5 9. Ng3 Bxf1 10. Rxf1 Nf6 11. Bh6 O-O 12. Rf3 Nh5 13. Nf5 e6 14. Bxg7
exf5 15. Bxf8 Kxf8 16. exf5 Nd7 17. O-O-O Re8 18. Rdf1 Kg7 19. fxg6
1-0

[Event "NM for klubblag 2017"]
[Site "Scandic Kristiansund"]
[Date "2017.10.20"]
[Round "1"]
[White "Welle, Sindre"]
[Black "Dahl, Trygve"]
[Result "1/2-1/2"]
[WhiteElo "1528"]
[BlackElo "2185"]
[Annotator "05benbjo"]
[PlyCount "58"]
[EventDate "2017.??.??"]

1. d4 Nf6 2. Nf3 g6 3. e3 Bg7 4. Be2 O-O 5. O-O d6 6. Nbd2 Nc6 7. Re1 e5 8. Nb3
Qe7 9. Rb1 a5 10. c3 Bf5 11. Ra1 e4 12. Nh4 Bd7 13. g3 g5 14. Ng2 h5 15. f3
exf3 16. Bxf3 g4 17. Be2 Ne4 18. Nd2 Ng5 19. Kh1 Nh3 20. Rf1 f5 21. Bd3 Bf6 22.
e4 fxe4 23. Nxe4 Bg7 24. Bf4 h4 25. gxh4 Nxf4 26. Nxf4 Bf5 27. Ng3 Bxd3 28.
Qxd3 Qxh4 29. Qc4+ Kh7
1/2-1/2

[Event "NM for klubblag 2017"]
[Site "Scandic Kristiansund"]
[Date "2017.10.20"]
[Round "1"]
[White "Lundeby, Øyvind Andersen"]
[Black "Gilsson, Åsmund"]
[Result "1-0"]
[WhiteElo "2085"]
[BlackElo "1424"]
[Annotator "05benbjo"]
[PlyCount "79"]
[EventDate "2017.??.??"]

1. d4 d5 2. Bf4 g6 3. e3 Nf6 4. Nf3 Bg7 5. h3 Bf5 6. c4 O-O 7. Nc3 c6 8. g4 Be4
9. Nxe4 Nxe4 10. Bd3 Qa5+ 11. Kf1 Nf6 12. Kg2 Nbd7 13. a3 dxc4 14. Bxc4 Nd5 15.
Bg3 e5 16. b4 Qc7 17. Bxd5 cxd5 18. dxe5 Nxe5 19. Qxd5 Qc6 20. Qxc6 Nxc6 21.
Ra2 a6 22. Rd1 Rad8 23. Rdd2 Bc3 24. Rxd8 Rxd8 25. Rc2 Bg7 26. Rd2 Rxd2 27.
Nxd2 Bb2 28. Nb1 b5 29. Kf3 a5 30. bxa5 Nxa5 31. Bd6 Nc4 32. Bb4 Nb6 33. Ke4 f6
34. Bc3 Bc1 35. Bxf6 Nc4 36. Be7 Kf7 37. Bb4 Ke6 38. Kd4 Nd6 39. Bxd6 Kxd6 40.
Kc3
1-0

[Event "NM for klubblag 2017"]
[Site "Scandic Kristiansund"]
[Date "2017.10.20"]
[Round "1"]
[White "Refsnes, Ståle"]
[Black "Dahl, Torbjørn"]
[Result "0-1"]
[WhiteElo "1331"]
[BlackElo "1822"]
[Annotator "05benbjo"]
[PlyCount "110"]
[EventDate "2017.??.??"]

1. e4 Nf6 2. Nc3 d5 3. exd5 Nxd5 4. Nxd5 Qxd5 5. Qf3 Qxf3 6. Nxf3 Nc6 7. Bb5
Bd7 8. c3 a6 9. Ba4 e5 10. O-O f6 11. Re1 O-O-O 12. d4 exd4 13. Bxc6 Bxc6 14.
Nxd4 Bd5 15. Bf4 g5 16. Bg3 h5 17. h3 h4 18. Bh2 g4 19. hxg4 h3 20. f3 Bc5 21.
Kh1 hxg2+ 22. Kxg2 Bxd4 23. cxd4 Bxf3+ 24. Kxf3 Rxh2 25. Re4 Rxb2 26. Rf4 Rd6
27. a4 Rb4 28. Ke3 Kd7 29. Ra3 Re6+ 30. Kd3 Ke7 31. Rc3 c6 32. Ra3 Re1 33. Kd2
Re6 34. Kd3 c5 35. Rc3 Rxa4 36. Rxc5 b5 37. Rff5 Rd6 38. Rcd5 Ra3+ 39. Kc2 Rxd5
40. Rxd5 Rg3 41. Kb2 Rxg4 42. Kb3 Ke6 43. Rd8 a5 44. d5+ Ke7 45. Rb8 Rg3+ 46.
Kc2 b4 47. Rb5 b3+ 48. Kb2 a4 49. Ka3 Rg4 50. Rb6 f5 51. Re6+ Kf7 52. Re1 Rd4
53. Re5 f4 54. d6 Rxd6 55. Kxa4 Rb6
0-1

[Event "NM for klubblag 2017"]
[Site "Scandic Kristiansund"]
[Date "2017.10.20"]
[Round "1"]
[White "Tryggestad, Andreas G"]
[Black "Hovden, Hans"]
[Result "1-0"]
[WhiteElo "2212"]
[BlackElo "1530"]
[Annotator "05benbjo"]
[PlyCount "27"]
[EventDate "2017.??.??"]

1. e4 e6 2. d4 d5 3. e5 c5 4. c3 Nc6 5. Nf3 f6 6. Bb5 Bd7 7. Qe2 cxd4 8. cxd4
Bb4+ 9. Nc3 Qb6 10. O-O Bxc3 11. Bxc6 Bxd4 12. exf6 Nxf6 13. Qxe6+ Kd8 14. Bxd7
1-0

[Event "NM for klubblag 2017"]
[Site "Scandic Kristiansund"]
[Date "2017.10.20"]
[Round "1"]
[White "Steinkellner, Rudolf"]
[Black "Nordquelle, Daniel"]
[Result "0-1"]
[WhiteElo "1407"]
[BlackElo "2068"]
[Annotator "05benbjo"]
[PlyCount "134"]
[EventDate "2017.??.??"]

1. e4 c5 2. Nc3 d6 3. g3 g6 4. Bg2 Bg7 5. Nf3 Nc6 6. d3 e6 7. O-O Nge7 8. Be3
Nd4 9. Rb1 Nec6 10. Ne2 O-O 11. Qd2 Nxf3+ 12. Bxf3 Ne5 13. Bg2 Ng4 14. Bg5 f6
15. Be3 Nxe3 16. Qxe3 f5 17. c3 fxe4 18. dxe4 b6 19. e5 d5 20. f4 Ba6 21. Bh3
Qe7 22. Rf2 Rad8 23. Rd1 Rfe8 24. Qf3 Qd7 25. Rd2 Qa4 26. b3 Qa5 27. Nc1 Kh8
28. Bf1 Bxf1 29. Rxf1 b5 30. Rfd1 Qb6 31. Qf2 Qc6 32. Ne2 a5 33. Qg2 Bf8 34. h3
c4 35. Kh2 Bc5 36. bxc4 bxc4 37. Rb1 Rb8 38. Rdb2 Rxb2 39. Rxb2 Re7 40. h4 Rb7
41. Ng1 Bxg1+ 42. Kxg1 a4 43. Qf2 Rxb2 44. Qxb2 Kg7 45. Qb4 Qd7 46. Kf1 h6 47.
Ke2 Qf7 48. Qxa4 g5 49. Ke3 gxf4+ 50. gxf4 Qe7 51. h5 Qc5+ 52. Ke2 Qe7 53. Ke3
Qc5+ 54. Ke2 Qe7 55. Ke3 Kf7 56. Ke2 Qb7 57. Qb4 Qa6 58. a4 d4 59. cxd4 c3+ 60.
Kd1 Qd3+ 61. Ke1 Qd2+ 62. Kf1 Qxf4+ 63. Ke2 Qe4+ 64. Kf1 c2 65. Qd2 Qf3+ 66.
Ke1 Qh1+ 67. Kf2 c1=Q
0-1

[Event "NM for klubblag 2017"]
[Site "Scandic Kristiansund"]
[Date "2017.10.20"]
[Round "1"]
[White "Sjøberg, Isak"]
[Black "Tevasvoll, Svein"]
[Result "1-0"]
[WhiteElo "2034"]
[BlackElo "1186"]
[Annotator "05benbjo"]
[PlyCount "75"]
[EventDate "2017.??.??"]

1. e4 Nc6 2. Nf3 d6 3. d4 e5 4. Bb5 Bd7 5. d5 Nce7 6. Bd3 Ng6 7. Nc3 a6 8. a4
Be7 9. Ne2 Bg4 10. Be3 Nf6 11. h4 h5 12. Ng5 Nh7 13. f3 Bd7 14. Nxh7 Rxh7 15.
g3 c5 16. dxc6 Bxc6 17. Nc3 Qa5 18. Rb1 d5 19. exd5 Bxd5 20. Bxg6 fxg6 21. Qxd5
Qxd5 22. Nxd5 Kf7 23. Nxe7 Kxe7 24. Ke2 Rhh8 25. Rhd1 Rac8 26. Rd2 Rhe8 27.
Rbd1 Kf7 28. Rd7+ Re7 29. c3 Rc7 30. Rxc7 Rxc7 31. Bb6 Re7 32. Ke3 Ke6 33. b4
Rd7 34. Rxd7 Kxd7 35. Ke4 Ke6 36. c4 Kd6 37. b5 axb5 38. cxb5
1-0

[Event "NM for klubblag 2017"]
[Site "Scandic Kristiansund"]
[Date "2017.10.20"]
[Round "1"]
[White "Romanov, Evgeny"]
[Black "Hoem, Audun"]
[Result "1-0"]
[WhiteElo "2596"]
[BlackElo "1674"]
[Annotator "05benbjo"]
[PlyCount "83"]
[EventDate "2017.??.??"]

1. e4 c5 2. Ne2 Nc6 3. Nbc3 g6 4. d4 cxd4 5. Nxd4 Bg7 6. Nb3 Nf6 7. Be2 O-O 8.
O-O a6 9. a4 d6 10. Bg5 Bd7 11. f4 Rc8 12. Kh1 Re8 13. Bf3 Be6 14. Nd5 Bxd5 15.
exd5 Na5 16. Nxa5 Qxa5 17. c3 Qc5 18. a5 Qb5 19. Qd2 Nd7 20. Be2 Qc5 21. Bh4
Qc7 22. Ra3 e6 23. dxe6 fxe6 24. c4 Nf6 25. Re3 Rcd8 26. b4 Rd7 27. Qa2 Kh8 28.
Bf3 e5 29. fxe5 Rxe5 30. Bf2 Rde7 31. Rxe5 dxe5 32. Bb6 Qc8 33. Be2 Ne4 34. Qc2
Nd6 35. Bc5 Rd7 36. Bg4 Nf5 37. Bxf5 gxf5 38. Qxf5 Rd8 39. Qxc8 Rxc8 40. Rf7
Kg8 41. Rxb7 Rd8 42. Kg1
1-0

[Event "NM for klubblag 2017"]
[Site "Scandic Kristiansund"]
[Date "2017.10.20"]
[Round "1"]
[White "Olsen, Åge"]
[Black "Tari, Aryan"]
[Result "0-1"]
[WhiteElo "1671"]
[BlackElo "2586"]
[Annotator "05benbjo"]
[PlyCount "62"]
[EventDate "2017.??.??"]

1. e4 c5 2. d3 Nc6 3. Nf3 g6 4. g3 Bg7 5. Bg2 Nf6 6. O-O O-O 7. Re1 d6 8. Nbd2
Rb8 9. Nf1 b5 10. c3 b4 11. Bd2 bxc3 12. bxc3 Ba6 13. Qc2 Nd7 14. Rab1 Nde5 15.
Nxe5 Nxe5 16. c4 Nc6 17. Qa4 Rb6 18. Ne3 e6 19. Nc2 Bc8 20. Rxb6 Qxb6 21. Qb3
Bd7 22. Bf4 Qc7 23. Qa3 Rb8 24. Qxc5 e5 25. Bxe5 Bxe5 26. Qe3 Rb2 27. d4 Rxc2
28. dxe5 Nxe5 29. Qb3 Rxc4 30. f4 Qc5+ 31. Kh1 Rc1
0-1

[Event "NM for klubblag 2017"]
[Site "Scandic Kristiansund"]
[Date "2017.10.20"]
[Round "1"]
[White "Holm, Kristian Stuvik"]
[Black "Vaseng, Øyvind Hoem"]
[Result "1-0"]
[WhiteElo "2433"]
[BlackElo "1339"]
[Annotator "05benbjo"]
[PlyCount "41"]
[EventDate "2017.??.??"]

1. d4 d5 2. Bf4 Nf6 3. e3 e6 4. Nd2 c5 5. c3 Nc6 6. Ngf3 Be7 7. Bd3 O-O 8. Qe2
b6 9. Rd1 Bb7 10. h4 c4 11. Bb1 b5 12. e4 dxe4 13. Nxe4 Na5 14. Nxf6+ Bxf6 15.
Bxh7+ Kh8 16. Bb1 g6 17. h5 Qe8 18. hxg6+ Kg8 19. g7 Kxg7 20. Rh7+ Kg8 21. Ne5
1-0

[Event "NM for klubblag 2017"]
[Site "Scandic Kristiansund"]
[Date "2017.10.20"]
[Round "1"]
[White "Hoem, Sverre"]
[Black "Kvisvik, Brede Alex."]
[Result "0-1"]
[WhiteElo "867"]
[BlackElo "2311"]
[Annotator "05benbjo"]
[PlyCount "60"]
[EventDate "2017.??.??"]

1. e4 c5 2. d4 cxd4 3. c3 d3 4. Bxd3 Nc6 5. Nf3 g6 6. O-O Bg7 7. Nbd2 Nf6 8.
Nb3 O-O 9. Bf4 d5 10. Re1 dxe4 11. Bxe4 Nxe4 12. Rxe4 Bf5 13. Re1 Bg4 14. Qxd8
Rfxd8 15. Nfd2 e5 16. h3 Be6 17. Be3 b6 18. Rac1 f5 19. f4 e4 20. Rc2 Rac8 21.
Rec1 Rd3 22. Kf2 Bf6 23. g3 h6 24. a3 Kf7 25. c4 Rcd8 26. Rd1 Rxb3 27. Ke2 Rbd3
28. Rdc1 Bd4 29. Nf1 Bxe3 30. Nxe3 Nd4+
0-1

[Event "NM for klubblag 2017"]
[Site "Scandic Kristiansund"]
[Date "2017.10.20"]
[Round "1"]
[White "Sørensen, Simen"]
[Black "Hagen, Brede"]
[Result "1/2-1/2"]
[WhiteElo "1632"]
[BlackElo "2024"]
[PlyCount "52"]
[EventDate "2017.??.??"]

1. Nf3 Nf6 2. d4 e6 3. Bf4 c5 4. c3 Be7 5. e3 Nh5 6. Bg3 Nc6 7. Nbd2 Nxg3 8.
hxg3 d5 9. dxc5 Bxc5 10. Nb3 Be7 11. Qc2 h6 12. Be2 Bd7 13. Rd1 Qc7 14. O-O
O-O-O 15. Nbd4 Nxd4 16. Nxd4 Kb8 17. Qb3 h5 18. a4 g5 19. c4 dxc4 20. Bxc4 h4
21. g4 Bc6 22. Nxc6+ Qxc6 23. Bb5 Qe4 24. Be2 Qb4 25. Rd3 Rxd3 26. Qxd3 Rd8
1/2-1/2

[Event "NM for klubblag 2017"]
[Site "Scandic Kristiansund"]
[Date "2017.10.20"]
[Round "1"]
[White "Lium, Lars"]
[Black "Broch-Austvoll, Torleiv"]
[Result "1-0"]
[WhiteElo "1364"]
[BlackElo "735"]
[PlyCount "65"]
[EventDate "2017.??.??"]

1. d4 d5 2. c4 c6 3. e3 Nf6 4. Nc3 g6 5. Nf3 Bg7 6. Be2 Nbd7 7. O-O O-O 8. Re1
Qa5 9. Bd3 Re8 10. Bd2 Qb6 11. Rb1 e6 12. Qa4 c5 13. cxd5 Nxd5 14. Nxd5 exd5
15. dxc5 Qe6 16. Rec1 Ne5 17. Nxe5 Bxe5 18. Bc3 Bd7 19. Bb5 Re7 20. Bxd7 Rxd7
21. Bxe5 h5 22. Bd4 h4 23. h3 f5 24. c6 bxc6 25. Rxc6 Qf7 26. Rxg6+ Kf8 27. Rg7
Qxg7 28. Bxg7+ Rxg7 29. Qxh4 Kf7 30. Rc1 Re8 31. Rc7+ Kf8 32. Qh8+ Rg8 33. Qf6#
1-0

[Event "NM for klubblag 2017"]
[Site "Scandic Kristiansund"]
[Date "2017.10.20"]
[Round "1"]
[White "Stai, Sondre"]
[Black "Elseth, Roar"]
[Result "0-1"]
[WhiteElo "1436"]
[BlackElo "2262"]
[PlyCount "84"]
[EventDate "2017.??.??"]

1. d4 Nf6 2. c4 e6 3. Nf3 b6 4. g3 Ba6 5. Qc2 d5 6. Nbd2 Be7 7. Bg2 O-O 8. O-O
Bb7 9. Rd1 Nbd7 10. b3 c5 11. Bb2 Rc8 12. e3 Re8 13. Rac1 cxd4 14. exd4 dxc4
15. bxc4 Qc7 16. Nf1 Be4 17. Qe2 Qb7 18. Ne3 Rc7 19. Nh4 Bxg2 20. Nhxg2 Bf8 21.
Ne1 g6 22. Qf3 Qxf3 23. Nxf3 Bh6 24. d5 Bxe3 25. fxe3 exd5 26. cxd5 Rxc1 27.
Bxc1 Ne4 28. Nd4 Nc3 29. Rd3 Nxd5 30. Nc6 N7f6 31. Nxa7 Re4 32. Nb5 Rc4 33. Bd2
Rc5 34. a4 Ne4 35. Be1 f5 36. Nd4 Rc1 37. Nf3 Ndf6 38. h3 Nxg3 39. Kg2 Nge4 40.
Rb3 Nd5 41. Rd3 Nef6 42. Ne5 Rxe1
0-1

[Event "NM for klubblag 2017"]
[Site "Scandic Kristiansund"]
[Date "2017.10.20"]
[Round "1"]
[White "Al-Tarbosh, Ward"]
[Black "Pedersen, Jarle"]
[Result "1-0"]
[WhiteElo "2235"]
[BlackElo "1432"]
[Annotator "05benbjo"]
[PlyCount "81"]
[EventDate "2017.??.??"]

1. e4 c5 2. Nf3 g6 3. d4 cxd4 4. Qxd4 Nf6 5. e5 Nc6 6. Qa4 Nd5 7. Qe4 Nb6 8.
Nc3 a6 9. Bf4 Bg7 10. Be2 O-O 11. h4 d5 12. exd6 exd6 13. Bg5 Qc7 14. Qf4 Bf5
15. O-O Bxc2 16. Rac1 Bf5 17. Rfd1 Rae8 18. Qd2 Re6 19. Bf4 Rfe8 20. Bf1 Rd8
21. Ng5 Rf6 22. Nce4 Bxe4 23. Nxe4 Rxf4 24. Qxf4 Bxb2 25. Rc2 Be5 26. Qg5 Qe7
27. Qxe7 Nxe7 28. Rc7 Nf5 29. Rxb7 Nd7 30. Bxa6 Ra8 31. Bc4 Ra4 32. Bd5 Ne7 33.
Rxd7 Nxd5 34. Nxd6 Rxa2 35. Nxf7 Nc3 36. Nxe5 Nxd1 37. Rxd1 Kg7 38. Rd7+ Kf6
39. Ng4+ Kf5 40. Ne3+ Ke4 41. Rxh7
1-0

[Event "NM for klubblag 2017"]
[Site "Scandic Kristiansund"]
[Date "2017.10.20"]
[Round "1"]
[White "Hauan, Tore Martin Madsø"]
[Black "Svensen, Tarjei Joten"]
[Result "0-1"]
[WhiteElo "1383"]
[BlackElo "2005"]
[Annotator "05benbjo"]
[PlyCount "70"]
[EventDate "2017.??.??"]

1. d4 d5 2. c4 c6 3. Nc3 Nf6 4. Nf3 dxc4 5. a4 Bf5 6. e3 e6 7. Bxc4 Bb4 8. O-O
Nbd7 9. Bd3 Bg6 10. Ne2 O-O 11. Nf4 c5 12. Nxg6 hxg6 13. Bd2 Bxd2 14. Qxd2 cxd4
15. Nxd4 e5 16. Nb3 Qb6 17. Nc1 Rfd8 18. Qe2 e4 19. Bc4 Ne5 20. Ba2 Qd6 21. Nb3
Nfg4 22. g3 Nf3+ 23. Kg2 Ngxh2 24. Rfd1 Qe5 25. Rxd8+ Rxd8 26. Rd1 Rxd1 27.
Qxd1 Qxb2 28. Bb1 Ng4 29. Bc2 Qxc2 30. Qd8+ Kh7 31. Nd4 Qxf2+ 32. Kh3 Ng1+ 33.
Kxg4 f5+ 34. Nxf5 Qxf5+ 35. Kh4 Nf3#
0-1

[Event "NM for klubblag 2017"]
[Site "Scandic Kristiansund"]
[Date "2017.10.20"]
[Round "1"]
[White "Løfaldli, Sofie"]
[Black "Risting, Eivind Olav"]
[Result "0-1"]
[WhiteElo "1236"]
[BlackElo "2323"]
[PlyCount "62"]
[EventDate "2017.??.??"]

1. e4 e6 2. d4 d5 3. e5 c5 4. c3 Qb6 5. Nf3 Nc6 6. a3 Nh6 7. b4 cxd4 8. cxd4
Nf5 9. Be3 Bd7 10. Be2 Rc8 11. Nc3 Nxb4 12. axb4 Rxc3 13. Bg5 h6 14. Bh4 Rxf3
15. Bxf3 Bxb4+ 16. Kf1 Nxh4 17. Be2 Nf5 18. Rb1 Nxd4 19. Bd3 O-O 20. g3 Nc6 21.
Qe2 Qd4 22. Kg2 Qxe5 23. Qxe5 Nxe5 24. Rxb4 Nxd3 25. Rxb7 Bc6 26. Rc7 Ne5 27.
Ra1 d4+ 28. Kf1 Bf3 29. Rcxa7 d3 30. R1a2 Be2+ 31. Kg2 Rd8
0-1

[Event "NM for klubblag 2017"]
[Site "Scandic Kristiansund"]
[Date "2017.10.20"]
[Round "1"]
[White "Hansen, Jan-Erik"]
[Black "Shehzad, Shazil"]
[Result "0-1"]
[WhiteElo "1194"]
[BlackElo "1707"]
[PlyCount "62"]
[EventDate "2017.??.??"]

1. e4 c5 2. Nf3 e6 3. d4 cxd4 4. Nxd4 a6 5. Nc3 b5 6. Bd3 Qb6 7. Be3 Bc5 8.
Nce2 Nc6 9. c3 Ne5 10. b4 Bxd4 11. Bxd4 Qc7 12. f4 Nxd3+ 13. Qxd3 Nf6 14. Bxf6
gxf6 15. O-O-O Bb7 16. Rhf1 d5 17. Ng3 Rc8 18. Kb2 dxe4 19. Qc2 Bd5 20. Ra1 a5
21. Rf2 e3 22. Re2 Qxf4 23. Rf1 Qc4 24. Ra1 axb4 25. Rxe3 Kd7 26. Qb3 Qf4 27.
c4 Qd4+ 28. Kb1 Bxc4 29. Ne2 Qd2 30. Qc2 Qxe3 31. Qd1+ Bd3+
0-1

[Event "NM for klubblag 2017"]
[Site "Scandic Kristiansund"]
[Date "2017.10.20"]
[Round "1"]
[White "Nesse, David"]
[Black "Grønsleth, Anders G"]
[Result "1-0"]
[WhiteElo "1650"]
[BlackElo "1166"]
[PlyCount "37"]
[EventDate "2017.??.??"]

1. e4 c5 2. Nc3 Nc6 3. Bb5 Nf6 4. Bxc6 bxc6 5. f4 e6 6. d3 Be7 7. Nf3 O-O 8.
O-O d6 9. e5 dxe5 10. fxe5 Nd5 11. Ne4 Ba6 12. Bg5 Bxg5 13. Nfxg5 Ne3 14. Qh5
h6 15. Rxf7 hxg5 16. Nxg5 Rxf7 17. Qxf7+ Kh8 18. Qh5+ Kg8 19. Qh7+
1-0

[Event "NM for klubblag 2017"]
[Site "Scandic Kristiansund"]
[Date "2017.10.20"]
[Round "1"]
[White "Shehzad, Alisha"]
[Black "Bergmann, Amund Yksnøy"]
[Result "1-0"]
[WhiteElo "1516"]
[BlackElo "1070"]
[PlyCount "115"]
[EventDate "2017.??.??"]

1. e4 e6 2. d4 d5 3. Nd2 c5 4. exd5 exd5 5. Ngf3 Nf6 6. Bb5+ Nc6 7. O-O Be7 8.
dxc5 O-O 9. Nb3 Re8 10. h3 a6 11. Bd3 Ne4 12. Be3 Bf6 13. c3 Re6 14. Nfd4 Nxd4
15. Nxd4 Bxd4 16. Bxd4 Bd7 17. Qh5 Qg5 18. Qxg5 Nxg5 19. Bf5 Re7 20. Bxd7 Rxd7
21. Rfe1 Ne6 22. Re5 Kf8 23. Rae1 Rdd8 24. g3 Nxd4 25. cxd4 Re8 26. Rxe8+ Rxe8
27. Rxe8+ Kxe8 28. Kg2 Kd7 29. Kf3 Kc6 30. a4 a5 31. Kf4 f6 32. Kf5 Kd7 33. g4
Ke7 34. h4 g6+ 35. Kf4 Ke6 36. g5 Ke7 37. gxf6+ Kxf6 38. Kg4 h6 39. f4 h5+ 40.
Kg3 Kf5 41. Kf3 Kf6 42. Ke3 Kf5 43. b4 axb4 44. a5 b3 45. Kd3 b2 46. Kc2 b1=Q+
47. Kxb1 Ke4 48. a6 bxa6 49. c6 Kxd4 50. c7 Ke4 51. c8=Q Kxf4 52. Qxa6 d4 53.
Qxg6 Ke3 54. Qxh5 d3 55. Qe5+ Kf2 56. Qf4+ Ke2 57. Qe4+ Kd2 58. Kb2
1-0

[Event "NM for klubblag 2017"]
[Site "Scandic Kristiansund"]
[Date "2017.10.20"]
[Round "2"]
[White "Malmedal, Atle"]
[Black "Gundersen, Ola Holmen"]
[Result "0-1"]
[WhiteElo "1000"]
[BlackElo "1508"]
[PlyCount "42"]
[EventDate "2017.??.??"]

1. d4 Nf6 2. c4 e6 3. Nc3 Bb4 4. Nf3 O-O 5. Bd2 d5 6. e3 c5 7. a3 Bxc3 8. bxc3
b6 9. cxd5 Nxd5 10. c4 Nf6 11. Bd3 Nc6 12. Bc3 Bb7 13. O-O Qc7 14. h3 Rfd8 15.
Bc2 Rac8 16. Re1 Ne7 17. d5 exd5 18. Bxf6 dxc4 19. Bxh7+ Kxh7 20. Ng5+ Kg6 21.
Bxe7 Rxd1
0-1